100 największych miast we Włoszech na mapie - Statystyki

Ogólne statystyki
  • Ten quiz został rozwiązany 3 751 razy
    3 475 od ostatniego zresetowania
  • Średni wynik to 24 z 100
Odpowiedzi na mapie
Odpowiedzi zakodowano w zielono-czerwonej skali na mapie do tego quizu, zgodnie z poniższymi procentami.
 
Statystyki odpowiedzi
Pop. Ville % Poprawnych
2 870 000 Rzym
99%
1 370 000 Mediolan
96%
966 000 Neapol
93%
883 000 Turyn
90%
261 000 Wenecja
90%
381 000 Florencja
83%
668 000 Palermo
83%
323 000 Bari
73%
389 000 Bolonia
73%
580 000 Genua
72%
257 000 Werona
64%
90 100 Piza
63%
121 000 Bergamo
62%
312 000 Katania
56%
154 000 Cagliari
55%
196 000 Parma
54%
202 000 Triest
50%
83 300 Como
47%
210 000 Padwa
44%
99 500 Udine
44%
149 000 Rimini
40%
95 400 Lecce
39%
185 000 Modena
36%
124 000 Monza
33%
197 000 Brescia
32%
122 000 Syrakuzy
32%
234 000 Mesyna
31%
158 000 Livorno
30%
166 000 Perugia
29%
118 000 Trydent
29%
119 000 Pescara
28%
134 000 Salerno
26%
101 000 Ankona
24%
159 000 Rawenna
23%
132000 Ferrara
22%
107 000 Bolzano
21%
89 200 Lukka
19%
151 000 Foggia
18%
103 000 Piacenza
18%
127 000 Sassari
17%
198 000 Taranto
17%
87 100 Brindisi
16%
112 000 Vicenza
16%
72 100 Cremona
15%
181 000 Reggio Calabria
14%
96 800 Cesena
13%
93 300 La Spezia
13%
126 000 Latina
13%
104 000 Novara
13%
172 000 Reggio Emilia
13%
89 700 Catanzaro
12%
193 000 Prato
12%
85 000 Treviso
12%
67 200 Cosenza
11%
63 900 Crotone
11%
111 000 Terni
11%
99 500 Arezzo
10%
118 000 Forli
10%
69 900 Imola
10%
67 900 Trapani
10%
94 000 Alessandria
9%
82 800 Marsala
9%
72 800 Pawia
9%
71 100 Carpi
8%
82 000 Grosseto
8%
95 000 Pesaro
8%
76 200 Asti
7%
94 500 Barletta
7%
79 600 Fiumicino
7%
69 400 L'Aquila
7%
67 200 Potenza
7%
80 500 Varese
7%
90 200 Pistoia
6%
73 600 Ragusa
6%
62 500 Carrara
5%
70 800 Lamezia Terme
5%
69 000 Massa
5%
67 800 Viterbo
5%
70 500 Altamura
4%
99 900 Andria
4%
74 200 Aprilia
4%
61 000 Fano
4%
74 900 Gela
4%
124 000 Giugliano in Campania
4%
62 100 Viareggio
4%
64 200 Vittoria
4%
64 800 Afragola
3%
83 400 Busto Arsizio
3%
62 300 Caltanissetta
3%
63 600 Pomezia
3%
81 100 Pozzuoli
3%
81 800 Sesto San Giovanni
3%
85 300 Torre del Greco
3%
75 600 Caserte
2%
77 100 Casoria
2%
65 900 Castellammare di Stabia
2%
75 700 Cinisello Balsamo
2%
89 300 Guidonia Montecelio
2%
70 900 Quartu Sant'Elena
2%
63 100 Vigevano
2%
Nie znaleziono quizów pasujących do podanych kryteriów
Rozkład punktacji
Procent ludzi z każdym wynikiem
Percentyl według liczby udzielonych odpowiedzi
Twoja historia wyników
Nie rozwiązałeś tego quizu od ostatniego zresetowania